Psychická záťaž a stres v podnikaní

Vymedzenie pojmu psychická záťaž a stres. Vznik stresu. Stres a antistresový program. Tvorba antistresového programu. Praktické príklady.

Gespeichert in:
Bibliographische Detailangaben
1. Verfasser: Szarková, Miroslava, 1951-
Format: Buchkapitel
Sprache:Slowakisch
Schlagworte:
Tags: Tag hinzufügen
Keine Tags, Fügen Sie das erste Tag hinzu!

MARC

LEADER 00000naa a2200000 4500
001 r038795
005 20240502071334.5
041 0 |a slo 
044 |a SK 
245 1 0 |a Psychická záťaž a stres v podnikaní  |c Miroslava Szarková 
520 |a Vymedzenie pojmu psychická záťaž a stres. Vznik stresu. Stres a antistresový program. Tvorba antistresového programu. Praktické príklady. 
610 2 0 |a stresy 
610 2 0 |a psychológia 
610 2 0 |a firmy 
610 2 0 |a komunikácia 
610 2 0 |a prostredie pracovné 
610 2 0 |a asertivita 
100 1 |a Szarková, Miroslava, 1951-